000 00656nam a2200205Ia 4500
005 20250508153412.0
008 008 250505s9999 xx 000 0 eng d
037 _aBooks to be hide in OPAC
040 _aFEDL
_beng
_cFEDL
041 _aeng
_2eng
084 _a370.973, UNI/O
_qFEDL
100 _aTolliver Wayne E
_9763783
245 0 _aEngineering enrollments and degrees 1960
245 0 _cU S Department of Health, Education, and Welfare
260 _aWashington, USA
_bU.S. Government Printing Office
_c1961
300 _a44p.
700 _a Armsby Henry H
_9763888
942 _cHB
_h370.973, UNI/O
999 _c1342602
_d1342602